Martin fierro /

Guardado en:
Autor Principal: Hernández, José
Formato: Libro
Publicado: Argentina : Centro Editor de América Latina, 1967
Series:Cap¡tulo, 1
Materias:
Etiquetas: Agregar Etiqueta
Sin Etiquetas, Sea el primero en etiquetar este registro!
LEADER 00582nam a22002055a 4500
001 CEM.cems003227
005 19000101000000.0
008 130507s1967##################000#0#####d
003 CEMS
082 0 4 |a A861.2 
100 1 |a Hernández, José 
245 1 0 |a Martin fierro /  |c José Hernández 
260 |a Argentina :  |b Centro Editor de América Latina,  |c 1967 
300 |a 190 p. 
490 0 |a Cap¡tulo, 1 
653 |a Literatura 
653 |a Literatura argentina 
653 |a Poesia gauchesca 
653 |a Romanticismo 
859 |a CEMS  |b BIB. CEMS - 11 de abril  |h A861.2  |i H43-4  |p 5900.77  |t Ej.1